New legislation raises great expectations (Record no. 71448)

MARC details
000 -LEADER
fixed length control field 00995cam a2200229 4500
001 - CONTROL NUMBER
control field ABS66099
008 - FIXED-LENGTH DATA ELEMENTS--GENERAL INFORMATION
fixed length control field 021025n2002 000 0 eng u
035 ## - SYSTEM CONTROL NUMBER
System control number (Sirsi) u120264
100 ## - MAIN ENTRY--PERSONAL NAME
Personal name Ward, V.C.
245 ## - TITLE STATEMENT
Title New legislation raises great expectations
260 ## - PUBLICATION, DISTRIBUTION, ETC.
Date of publication, distribution, etc. 2002
490 ## - SERIES STATEMENT
Series statement Estates Gazette
Volume/sequential designation (0238) 21 September 2002, 198-199(2)
520 ## - SUMMARY, ETC.
Summary, etc. The Land Registration Act 2002, which received Royal Assent on 26 February, lays the foundation for the e-conveyancing revolution. The article outlines how, within ten years, the process of paper documents could be replaced by 'virtual' documents. This article discusses the advantages of having a registered title and also raises the point the test for e-conveyancing is whether it will save time and money.
590 ## - LOCAL NOTE (RLIN)
Local note ABS
650 ## - SUBJECT ADDED ENTRY--TOPICAL TERM
Topical term or geographic name entry element LAND REGISTRATION
650 ## - SUBJECT ADDED ENTRY--TOPICAL TERM
Topical term or geographic name entry element LAND REGISTRATION ACT 2002
650 ## - SUBJECT ADDED ENTRY--TOPICAL TERM
Topical term or geographic name entry element TITLE REGISTRATION
650 ## - SUBJECT ADDED ENTRY--TOPICAL TERM
Topical term or geographic name entry element SQUATTERS RIGHTS
650 ## - SUBJECT ADDED ENTRY--TOPICAL TERM
Topical term or geographic name entry element INTERNET
690 ## - LOCAL SUBJECT ADDED ENTRY--TOPICAL TERM (OCLC, RLIN)
Topical term or geographic name as entry element PROPERTY
942 ## - ADDED ENTRY ELEMENTS (KOHA)
Suppress in OPAC 0
Holdings
Withdrawn status Lost status Source of classification or shelving scheme Damaged status Not for loan Home library Current library Shelving location Date acquired Total Checkouts Full call number Barcode Date last seen Copy number Price effective from Koha item type
    Dewey Decimal Classification     London London Journal article 25/10/2002   ABS66099 120264-1001 06/08/2019 1 06/08/2019 Journal article